A Practical Guide to Commercial Real Estate Transactions From Contract to Closing, Third Edition /

Detalles Bibliográficos
Autor principal: Stein, Gregory M.
Otros Autores: Goodwin, Michael D., Fisher, Morton P. Jr
Formato: eBook
Lenguaje:inglés
Publicado: Chicago: American Bar Association, 2016
Materias:
Acceso en línea:Acceso restringido

MARC

LEADER 00000nam a22000007a 4500
005 20210225221957.0
007 cr|||| |||
008 210225s2016 us |||||s|||| 00||0 eng d
020 |a 978-1-63425-486-1 
035 |a 32406 
040 |a vLex 
090 |c 11287  |d 11287 
100 1 |a Stein, Gregory M. 
245 1 1 |a A Practical Guide to Commercial Real Estate Transactions  |h [Recurso electrn̤ico] :  |b From Contract to Closing, Third Edition /  |c Gregory M. Stein, Michael D. Goodwin, Morton P. Jr. Fisher 
256 |a Servicio en ln̕ea 
260 |a Chicago:  |b American Bar Association,  |c 2016 
300 |a 1 recurso electrn̤ico 
506 1 |a Disponible solo en los productos indicados  |d vLex Global  |d vLex Global (Academic Edition, excluding Law Schools)  |d vLex Global (Academic Edition, Law Schools) 
650 0 4 |a Derecho Mercantil y de la Empresa  |z Estados Unidos 
700 1 |a Goodwin, Michael D. 
700 1 |a Fisher, Morton P. Jr. 
740 0 |a vLex Libros (Servicio en ln̕ea) 
856 4 0 |u http://vlex.com/source/practical-guide-commercial-real-estate-transactions-32406  |z Acceso restringido 
942 |c BOOK 
999 0 |a Commercial and Company Law